00444 2200181 4500245005400000020002200054250001000076100001600086700001900102650001600121650001300137005001900150260003300169041001400202084001000216300002700226336000900253 aMaaf Tuhan, Aku Hampir MenyerahclfialghazihText a978-602-6744-47-0 aCet.6 aAlfialghazi aTatep Mulyadin aAgama Islam aMotivasi a20241015110641 aDepokbPenerbit Sahimac2021 aIndonesia a297.5 aix, 245 hlm :c19,5 cm atext